Annual report on the OECD guidelines for multinational enterprises 2014 responsible business conduct by sector

Guardado en:
Detalles Bibliográficos
Formato: Libro
Lenguaje:inglés
Publicado: Paris OECD 2014
Colección:Annual report on the OECD guidelines for multinational enterprises
Materias:
Etiquetas: Agregar Etiqueta
Sin Etiquetas, Sea el primero en etiquetar este registro!

MARC

LEADER 00000nam$a2200000$$$4500
001 0210816
005 20240315120349.6
020 |a 978-92-64-22089-8 
041 0 |a eng 
044 |a FR 
245 1 0 |a Annual report on the OECD guidelines for multinational enterprises 2014  |b responsible business conduct by sector 
264 1 |a Paris  |b OECD  |c 2014 
300 |a 169 s. 
490 1 |a Annual report on the OECD guidelines for multinational enterprises 
830 0 |a Annual report on the OECD guidelines for multinational enterprises 
610 2 0 |a podnik multinacionálny 
610 2 0 |a riadenie podnikové 
610 2 0 |a spolupráca medzinárodná 
610 2 0 |a podpora podnikania 
610 2 0 |a investície 
610 2 0 |a financie 
610 2 0 |a sektory hospodárske 
610 2 0 |a reťazce obchodné 
610 2 0 |a akcionári